Time series analysis : forecasting and control /
Guardado en:
| Autor Principal: | |
|---|---|
| Otros Autores: | |
| Formato: | Libro |
| Idioma: | English |
| Publicado: |
San Francisco :
Holden-Day,
c1970.
|
| Series: | Holden-Day series in time series analysis
|
| Etiquetas: |
Agregar Etiqueta
Sin Etiquetas, Sea el primero en etiquetar este registro!
|
| LEADER | 00653cam a22001935a 4500 | ||
|---|---|---|---|
| 001 | MAT.inmabb002235 | ||
| 008 | 701030s1970####caua#####b####001#0#eng#d | ||
| 005 | 20130226121541.0 | ||
| 245 | 1 | 0 | |a Time series analysis : |b forecasting and control / |c George E. P. Box and Gwilym M. Jenkins. |
| 260 | |a San Francisco : |b Holden-Day, |c c1970. | ||
| 300 | |a xix, 553 p. : |b il. ; |c 24 cm. | ||
| 440 | 0 | |a Holden-Day series in time series analysis | |
| 504 | |a Bibliografía: p. 538-542. | ||
| 510 | 4 | |a MR, |c 42 #7019 | |
| 100 | 1 | |a Box, George E. P. | |
| 700 | 1 | |a Jenkins, Gwilym M. | |
| 084 | |a 62M10 |2 msc2000 | ||
| 010 | |a 77079534 | ||
| 859 | |h 62 |i B788t |p A-3905 |b BIB. MATEMATICA | ||
